[Event "Odintsovo Primakov Cup"]
[Site "Odintsovo"]
[Date "2024.03.17"]
[Round "5"]
[White "Khruschiov, Alexey"]
[Black "Pogosian, Manvel"]
[Result "1/2-1/2"]
[WhiteElo "2347"]
[BlackElo "2339"]
[PlyCount "26"]
[EventDate "2024.03.15"]
[EventType "tourn"]
[EventRounds "9"]
[EventCountry "RUS"]
[EventCategory "1"]
[SourceTitle "CB13_2024"]
[SourceDate "2024.03.27"]
[SourceVersion "1"]
[SourceVersionDate "2024.03.27"]
[SourceQuality "1"]

1. Nf3 Nf6 2. g3 d5 3. Bg2 e6 4. 0-0 b5 5. d3 Bb7 6. Bf4 Be7 7. e4 dxe4 8. dxe4 Nxe4 9. Nd4 a6 10. Nd2 Qxd4 11. Nxe4 Qxd1 12. Re1 Qxa1 13. Rxa1 Bd5 1/2-1/2

[Event "Odintsovo Primakov Cup"]
[Site "Odintsovo"]
[Date "2024.03.16"]
[Round "3"]
[White "Zarubitski, Viachaslau"]
[Black "Khruschiov, Alexey"]
[Result "1-0"]
[WhiteElo "2402"]
[BlackElo "2347"]
[PlyCount "109"]
[EventDate "2024.03.15"]
[EventType "tourn"]
[EventRounds "9"]
[EventCountry "RUS"]
[EventCategory "1"]
[SourceTitle "CB13_2024"]
[SourceDate "2024.03.27"]
[SourceVersion "1"]
[SourceVersionDate "2024.03.27"]
[SourceQuality "1"]

1. c4 g6 2. Nc3 Bg7 3. d4 Nf6 4. e4 0-0 5. Be2 d6 6. h4 e5 7. d5 c6 8. g4 cxd5 9. cxd5 Na6 10. h5 Bd7 11. h6 Bh8 12. f3 Ne8 13. Be3 Bf6 14. Nh3 Qb8 15. a4 Bd8 16. a5 Bc7 17. Nb5 Qd8 18. Nxc7 Nexc7 19. Qb3 Qe8 20. Nf2 Nb5 21. Bxb5 Bxb5 22. Rc1 Qd7 23. Kd2 b6 24. axb6 axb6 25. Ra1 Nc5 26. Qb4 Ra4 27. Rxa4 Bxa4 28. Qxb6 Nb3+ 29. Ke1 Bb5 30. Nd1 Ra8 31. Nc3 Bc4 32. Kf2 Rc8 33. Rd1 Qe7 34. Qb4 Kh8 35. Na4 f5 36. g5 f4 37. Bxf4 exf4 38. Nb6 Rb8 39. Qc3+ Kg8 40. Nxc4 Nc5 41. Nxd6 Na4 42. Qf6 Qa7+ 43. Kf1 Nc5 44. b4 Nb3 45. Qe6+ Kf8 46. Qf6+ Kg8 47. Rd3 Nc5 48. Ra3 Na6 49. Qe6+ Kf8 50. Qf6+ Kg8 51. Kg2 Rf8 52. Qe6+ Kh8 53. Rxa6 Qc7 54. Qe5+ Kg8 55. Qg7+ 1-0

[Event "Odintsovo Primakov Cup"]
[Site "Odintsovo"]
[Date "2024.03.15"]
[Round "2"]
[White "Khruschiov, Alexey"]
[Black "Lisenkov, Svyatoslav"]
[Result "1/2-1/2"]
[WhiteElo "2347"]
[BlackElo "2108"]
[PlyCount "33"]
[EventDate "2024.03.15"]
[EventType "tourn"]
[EventRounds "9"]
[EventCountry "RUS"]
[EventCategory "1"]
[SourceTitle "CB13_2024"]
[SourceDate "2024.03.27"]
[SourceVersion "1"]
[SourceVersionDate "2024.03.27"]
[SourceQuality "1"]

1. c4 e5 2. e3 d6 3. d4 f5 4. Nc3 Nf6 5. Nge2 Be7 6. b4 c6 7. a4 0-0 8. Ba3 Be6 9. d5 Bf7 10. a5 Nbd7 11. f3 Rc8 12. Bb2 c5 13. b5 Nb8 14. a6 b6 15. Qd2 f4 16. Ne4 Bg6 17. N2c3 1/2-1/2

[Event "Moscow-ch op Superfinal"]
[Site "Ershovo"]
[Date "2024.02.26"]
[Round "6"]
[White "Khruschiov, Alexey"]
[Black "Remizov, Yaroslav"]
[Result "0-1"]
[WhiteElo "2347"]
[BlackElo "2446"]
[PlyCount "68"]
[EventDate "2024.02.23"]
[EventType "swiss"]
[EventRounds "10"]
[EventCountry "RUS"]
[SourceTitle "CB10_2024"]
[SourceDate "2024.03.06"]
[SourceVersion "1"]
[SourceVersionDate "2024.03.06"]
[SourceQuality "1"]

1. Nf3 d5 2. g3 Bg4 3. d3 Nd7 4. Nbd2 Ngf6 5. h3 Bh5 6. g4 Bg6 7. Nh4 e5 8. Bg2 c6 9. e3 Bd6 10. Qe2 Qc7 11. 0-0 0-0-0 12. a3 Nf8 13. b4 Ne6 14. c4 h5 15. Nxg6 fxg6 16. cxd5 cxd5 17. Bb2 Kb8 18. Rfc1 Qe7 19. Nf3 hxg4 20. Nxe5 gxh3 21. Bh1 Rh5 22. f4 g5 23. Bf3 Rh6 24. f5 Nf8 25. d4 N8d7 26. Ng6 Rxg6 27. fxg6 g4 28. Bh1 g3 29. Bf3 g2 30. Rc2 Ne4 31. Rac1 Qh4 32. Bxg2 Bh2+ 33. Kxh2 hxg2+ 34. Kxg2 Qg3+ 0-1

[Event "Titled Tuesday intern op 16th Jan Late"]
[Site "Chess.com INT"]
[Date "2024.01.16"]
[Round "9"]
[White "Khruschiov, Alexey"]
[Black "Momin, Fayzan"]
[Result "1-0"]
[WhiteElo "2347"]
[BlackElo "1916"]
[PlyCount "63"]
[EventDate "2024.01.16"]
[EventType "swiss (blitz)"]
[EventRounds "11"]
[EventCountry "USA"]
[SourceTitle "CB04_2024"]
[SourceDate "2023.10.16"]
[SourceVersion "1"]
[SourceVersionDate "2023.10.16"]
[SourceQuality "1"]

1. g3 e5 2. Bg2 d5 3. Nf3 Nc6 4. d3 Nf6 5. 0-0 Be7 6. c4 0-0 7. cxd5 Nxd5 8. a3 f6 9. b4 a6 10. Bb2 Be6 11. Nbd2 Qd7 12. Nb3 b6 13. Rc1 Rfd8 14. e4 Ndxb4 15. axb4 Nxb4 16. d4 exd4 17. Nbxd4 Bf7 18. Nf5 Bf8 19. Bh3 Qe8 20. Qe2 c5 21. Rfd1 b5 22. e5 c4 23. e6 Bg6 24. e7 Rxd1+ 25. Rxd1 Nd3 26. exf8Q+ Qxf8 27. Ne7+ Kh8 28. Nxg6+ hxg6 29. Rxd3 cxd3 30. Qxd3 Rd8 31. Qxg6 Rd1+ 32. Kg2 1-0

[Event "Titled Tuesday intern op 16th Jan Late"]
[Site "Chess.com INT"]
[Date "2024.01.16"]
[Round "5"]
[White "Khruschiov, Alexey"]
[Black "Xie, Tianming"]
[Result "0-1"]
[WhiteElo "2347"]
[BlackElo "1939"]
[PlyCount "108"]
[EventDate "2024.01.16"]
[EventType "swiss (blitz)"]
[EventRounds "11"]
[EventCountry "USA"]
[SourceTitle "CB04_2024"]
[SourceDate "2023.10.16"]
[SourceVersion "1"]
[SourceVersionDate "2023.10.16"]
[SourceQuality "1"]

1. g3 d5 2. Bg2 c5 3. Nf3 Nf6 4. 0-0 Nc6 5. d3 g6 6. Nc3 Bg7 7. e4 e5 8. Bg5 d4 9. Nd5 h6 10. Bxf6 Bxf6 11. c4 Bg7 12. Nd2 0-0 13. f4 exf4 14. gxf4 f5 15. Kh1 Be6 16. Rg1 Qd7 17. Qf3 Kh7 18. Qg3 Ne7 19. Nf3 Bxd5 20. cxd5 Rae8 21. Raf1 c4 22. Ne5 Bxe5 23. fxe5 c3 24. bxc3 dxc3 25. d4 c2 26. e6 Qa4 27. d6 Qxd4 28. dxe7 Rxe7 29. exf5 gxf5 30. Bxb7 Qf6 31. Be4 c1Q 32. Rxc1 fxe4 33. Rcf1 Qxf1 34. Qg6+ Kh8 35. Rxf1 Rxf1+ 36. Kg2 Rg7 37. Qxg7+ Kxg7 38. Kxf1 Kf6 39. Ke2 Kxe6 40. Ke3 Ke5 41. h4 h5 42. a4 a5 43. Ke2 Kf4 44. Kf2 Kg4 45. Ke3 Kxh4 46. Kxe4 Kg3 47. Kd5 h4 48. Kc5 h3 49. Kb5 h2 50. Kxa5 h1Q 51. Kb6 Qa8 52. a5 Kf4 53. a6 Ke4 54. a7 Kd5 0-1

[Event "Moscow RSHSH"]
[Site "Moscow"]
[Date "2023.08.18"]
[Round "5"]
[White "Khruschiov, Alexey"]
[Black "Bazyrtsyrenov, Kirill"]
[Result "1/2-1/2"]
[WhiteElo "2344"]
[BlackElo "2242"]
[PlyCount "106"]
[EventDate "2023.08.14"]
[EventType "tourn"]
[EventRounds "9"]
[EventCountry "RUS"]
[EventCategory "2"]
[SourceTitle "CBM 215 Extra"]
[Source "ChessBase"]
[SourceDate "2023.09.30"]
[SourceVersion "1"]
[SourceVersionDate "2023.09.30"]
[SourceQuality "1"]

1. e4 c5 2. g3 d5 3. exd5 Qxd5 4. Nf3 Bg4 5. Bg2 Qe6+ 6. Kf1 Nc6 7. h3 Bh5 8. d3 Qd7 9. Na3 e6 10. Nc4 f6 11. Be3 Rc8 12. a4 b6 13. Kg1 Nge7 14. a5 b5 15. Na3 Nd4 16. Bxd4 cxd4 17. Ne5 Bxd1 18. Nxd7 Kxd7 19. Rxd1 Nd5 20. Nxb5 Rxc2 21. Bxd5 exd5 22. Kg2 Rxb2 23. Rb1 Rxb1 24. Rxb1 Bc5 25. Rc1 Rc8 26. a6 Rc6 27. Kf3 Bb6 28. Rxc6 Kxc6 29. Na3 Bc5 30. Nc2 Kb6 31. Ke2 Kxa6 32. Kd2 Kb5 33. Kc1 a5 34. Kb2 a4 35. Ka2 Kc6 36. Kb2 Kd6 37. Ne1 Ke6 38. Ng2 Bb4 39. Nf4+ Ke5 40. Ne2 Bc5 41. Kc2 f5 42. f3 Kf6 43. Kb2 g6 44. Ka2 Kg5 45. Kb2 Kh6 46. Ka2 Bd6 47. f4 Bc5 48. Ng1 g5 49. fxg5+ Kxg5 50. Nf3+ Kh5 51. Kb2 Bd6 52. Ka2 Bxg3 53. Ka3 Kg6 1/2-1/2

[Event "Moscow RSHSH"]
[Site "Moscow"]
[Date "2023.08.16"]
[Round "3"]
[White "Khruschiov, Alexey"]
[Black "Novozhilov, Semen"]
[Result "1/2-1/2"]
[WhiteElo "2344"]
[BlackElo "2301"]
[PlyCount "85"]
[EventDate "2023.08.14"]
[EventType "tourn"]
[EventRounds "9"]
[EventCountry "RUS"]
[EventCategory "2"]
[SourceTitle "CBM 215 Extra"]
[Source "ChessBase"]
[SourceDate "2023.09.30"]
[SourceVersion "1"]
[SourceVersionDate "2023.09.30"]
[SourceQuality "1"]

1. e4 e6 2. d4 d5 3. e5 c5 4. c3 Nc6 5. Nf3 Nge7 6. Na3 cxd4 7. cxd4 Nf5 8. Nc2 Qb6 9. Bd3 Bd7 10. 0-0 a5 11. Kh1 Rc8 12. h3 Be7 13. Rb1 a4 14. b4 Na7 15. b5 Bxb5 16. g4 Nh6 17. Na3 Bxa3 18. Bxa3 Qa6 19. Rxb5 Nxb5 20. Qe2 Rc4 21. Bxc4 dxc4 22. Qxc4 Qc6 23. Qxc6+ bxc6 24. Bc5 f5 25. g5 Nf7 26. Rb1 Kd7 27. h4 Kc7 28. Kg2 Ra8 29. Nd2 Nd8 30. Nc4 Nb7 31. Rc1 a3 32. Kf3 Ra4 33. Ke3 Nxc5 34. dxc5 Rb4 35. Kd3 Kb8 36. h5 Kc7 37. f3 Kd7 38. h6 g6 39. Rc2 Ke7 40. f4 Kd7 41. Ke3 Ke7 42. Kd3 Kd7 43. Ke3 1/2-1/2

[Event "Moscow RSHSH"]
[Site "Moscow"]
[Date "2023.08.14"]
[Round "1"]
[White "Khruschiov, Alexey"]
[Black "Korovin, Mikhail"]
[Result "1/2-1/2"]
[WhiteElo "2344"]
[BlackElo "2339"]
[PlyCount "188"]
[EventDate "2023.08.14"]
[EventType "tourn"]
[EventRounds "9"]
[EventCountry "RUS"]
[EventCategory "2"]
[SourceTitle "CBM 215 Extra"]
[Source "ChessBase"]
[SourceDate "2023.09.30"]
[SourceVersion "1"]
[SourceVersionDate "2023.09.30"]
[SourceQuality "1"]

1. e4 e6 2. d4 d5 3. e5 c5 4. c3 Qb6 5. Nf3 Nc6 6. a3 Bd7 7. b4 cxd4 8. cxd4 Rc8 9. Bb2 Na5 10. Nbd2 Nc4 11. Nxc4 dxc4 12. Rc1 Qa6 13. d5 exd5 14. Qxd5 b5 15. Rd1 Bc6 16. Qd4 Nh6 17. Be2 Be7 18. e6 f6 19. Ne5 c3 20. Nxc6 Rxc6 21. Qd7+ Kf8 22. Bc1 Rxe6 23. Be3 c2 24. Rc1 Kf7 25. 0-0 Qxa3 26. Rxc2 Nf5 27. Bxa7 Rd8 28. Qxb5 Re5 29. Qc4+ Kf8 30. Bb6 Rb8 31. Ra2 Qxb4 32. Qxb4 Bxb4 33. Bc7 Rbe8 34. Bxe5 Rxe5 35. Bd3 Ne7 36. Rb1 Bc5 37. Re2 Rxe2 38. Bxe2 g6 39. g3 Kf7 40. Bc4+ Kg7 41. Rb7 Ba3 42. Kg2 Bc5 43. g4 Kh6 44. h4 Ba3 45. f4 Kg7 46. Kf3 Bc5 47. Ke4 Ba3 48. Be6 Bc5 49. g5 h6 50. Rd7 Bb4 51. Kd4 Ba3 52. Kc4 fxg5 53. fxg5 hxg5 54. hxg5 Kf8 55. Rd1 Nc6 56. Kd5 Nd8 57. Ke5 Be7 58. Rg1 Kg7 59. Bd5 Kf8 60. Kf4 Ke8 61. Ra1 Kf8 62. Rg1 Kg7 63. Rg2 Kf8 64. Ra2 Ke8 65. Ra6 Nf7 66. Ra8+ Nd8 67. Kg4 Kf8 68. Be4 Kg7 69. Ra6 Nf7 70. Rxg6+ Kf8 71. Kf5 Nxg5 72. Bc6 Kf7 73. Ba4 Kf8 74. Ra6 Kg7 75. Ra7 Kf7 76. Bb3+ Ke8 77. Kg6 Bd8 78. Rg7 Be7 79. Ba4+ Kd8 80. Kf5 Nf3 81. Ke4 Ng5+ 82. Ke5 Nf3+ 83. Kd5 Ng5 84. Bb5 Nh3 85. Bc4 Nf4+ 86. Kc6 Ke8 87. Rh7 Bg5 88. Kd6 Kf8 89. Rf7+ Ke8 90. Rg7 Bh6 91. Re7+ Kf8 92. Rf7+ Ke8 93. Rf6 Bf8+ 94. Ke5 Bg7 1/2-1/2

[Event "Alushta Blitz op"]
[Site "Alushta"]
[Date "2023.07.14"]
[Round "4"]
[White "Triapishko, Alexandr"]
[Black "Khruschiov, Alexey"]
[Result "1/2-1/2"]
[WhiteElo "2506"]
[BlackElo "2344"]
[PlyCount "68"]
[EventDate "2023.07.14"]
[EventType "swiss (blitz)"]
[EventRounds "13"]
[EventCountry "UKR"]
[SourceTitle "CBM 215 Extra"]
[Source "ChessBase"]
[SourceDate "2023.09.30"]
[SourceVersion "1"]
[SourceVersionDate "2023.09.30"]
[SourceQuality "1"]

1. Nf3 g6 2. g3 Bg7 3. d4 Nf6 4. Bg2 0-0 5. 0-0 d6 6. b3 a5 7. Bb2 a4 8. c4 c5 9. Na3 Nc6 10. Nb5 Bf5 11. Nh4 Bd7 12. Qd2 Qb6 13. dxc5 Qxc5 14. Nf3 axb3 15. axb3 Rxa1 16. Bxa1 Ra8 17. Bd4 Nxd4 18. Nfxd4 Qb6 19. e3 Ng4 20. Nc3 Ne5 21. Nd5 Qd8 22. Qb4 Bc6 23. Qb6 Qxb6 24. Nxb6 Ra2 25. Nxc6 Nxc6 26. Nd5 Kf8 27. b4 e6 28. Nb6 Nxb4 29. Bxb7 Nd3 30. Be4 Nc5 31. Bc6 f5 32. Nd7+ Ke7 33. Nxc5 dxc5 34. Rd1 Ra1 1/2-1/2

[Event "Alushta Rapid op"]
[Site "Alushta"]
[Date "2023.07.13"]
[Round "11"]
[White "Iljin, Timofey"]
[Black "Khruschiov, Alexey"]
[Result "1-0"]
[WhiteElo "2322"]
[BlackElo "2344"]
[PlyCount "43"]
[EventDate "2023.07.11"]
[EventType "swiss (rapid)"]
[EventRounds "11"]
[EventCountry "UKR"]
[SourceTitle "CBM 215 Extra"]
[Source "ChessBase"]
[SourceDate "2023.09.30"]
[SourceVersion "1"]
[SourceVersionDate "2023.09.30"]
[SourceQuality "1"]

1. d4 Nf6 2. c4 g6 3. Nc3 Bg7 4. e4 0-0 5. Nf3 d6 6. Be2 e5 7. 0-0 Nc6 8. d5 Ne7 9. b4 a5 10. bxa5 c5 11. a4 Rxa5 12. Bd2 Ra6 13. Ne1 Nd7 14. Nd3 f5 15. f4 fxe4 16. Nxe4 Nf5 17. Rb1 exf4 18. Bxf4 Ne5 19. Bxe5 Bxe5 20. Nf4 Qe7 21. Ne6 Bxe6 22. dxe6 1-0

[Event "Alushta Rapid op"]
[Site "Alushta"]
[Date "2023.07.13"]
[Round "10"]
[White "Khruschiov, Alexey"]
[Black "Vastrukhin, Oleg"]
[Result "1/2-1/2"]
[WhiteElo "2344"]
[BlackElo "2343"]
[PlyCount "73"]
[EventDate "2023.07.11"]
[EventType "swiss (rapid)"]
[EventRounds "11"]
[EventCountry "UKR"]
[SourceTitle "CBM 215 Extra"]
[Source "ChessBase"]
[SourceDate "2023.09.30"]
[SourceVersion "1"]
[SourceVersionDate "2023.09.30"]
[SourceQuality "1"]

1. e4 e6 2. d4 d5 3. e5 c5 4. c3 Nc6 5. Nf3 Bd7 6. Be2 Nge7 7. h4 Nf5 8. g4 Nh6 9. Rg1 Qb6 10. Na3 cxd4 11. cxd4 Bb4+ 12. Kf1 0-0-0 13. Nc2 Be7 14. b4 Rhf8 15. a4 a5 16. bxa5 Nxa5 17. Ba3 Bxa3 18. Nxa3 Qb3 19. Qe1 Nc4 20. Nxc4 dxc4 21. Rg3 Bc6 22. Rc1 Kb8 23. Rxc4 Bd5 24. Nd2 Qa2 25. Rb4 Rc8 26. Bf3 Rc2 27. Bxd5 Qxd5 28. Rgb3 Qh1+ 29. Ke2 Qe4+ 30. Kf1 Qh1+ 31. Ke2 Qd5 32. Kf1 Rc1 33. Rxb7+ Ka8 34. Qxc1 Qh1+ 35. Ke2 Qxc1 36. R7b5 Qc7 37. Rc5 1/2-1/2

[Event "Alushta Rapid op"]
[Site "Alushta"]
[Date "2023.07.11"]
[Round "4"]
[White "Afanasiev, Nikita"]
[Black "Khruschiov, Alexey"]
[Result "1/2-1/2"]
[WhiteElo "2543"]
[BlackElo "2344"]
[PlyCount "78"]
[EventDate "2023.07.11"]
[EventType "swiss (rapid)"]
[EventRounds "11"]
[EventCountry "UKR"]
[SourceTitle "CBM 215 Extra"]
[Source "ChessBase"]
[SourceDate "2023.09.30"]
[SourceVersion "1"]
[SourceVersionDate "2023.09.30"]
[SourceQuality "1"]

1. Nf3 Nf6 2. d4 d6 3. g3 g6 4. Bg2 Bg7 5. 0-0 0-0 6. a4 a5 7. Re1 Nfd7 8. e4 e5 9. Nc3 Na6 10. Bg5 f6 11. Be3 c6 12. d5 Qc7 13. Nd2 Nb4 14. b3 cxd5 15. Nxd5 Nxd5 16. exd5 f5 17. Nc4 b6 18. Bf1 Ba6 19. Ra2 Rf7 20. Bc1 e4 21. Na3 Bxf1 22. Rxf1 Ne5 23. Nb5 Qd7 24. Nd4 Re8 25. Bf4 Nd3 26. cxd3 Bxd4 27. Re2 exd3 28. Rxe8+ Qxe8 29. Qxd3 Bc5 30. Bg5 Qe4 31. Rd1 Qg4 32. Bf4 g5 33. h3 Qxh3 34. Bxg5 Rg7 35. Bf4 Qg4 36. Kf1 Qh3+ 37. Kg1 Qg4 38. Kf1 Qh3+ 39. Kg1 Qg4 1/2-1/2

[Event "Sevastopol Waltz Blitz"]
[Site "Sevastopol"]
[Date "2023.06.29"]
[Round "10"]
[White "Khruschiov, Alexey"]
[Black "Afanasiev, Nikita"]
[Result "0-1"]
[WhiteElo "2344"]
[BlackElo "2544"]
[PlyCount "62"]
[EventDate "2023.06.29"]
[EventType "swiss (blitz)"]
[EventRounds "13"]
[EventCountry "UKR"]
[SourceTitle "CBM 215 Extra"]
[Source "ChessBase"]
[SourceDate "2023.09.30"]
[SourceVersion "1"]
[SourceVersionDate "2023.09.30"]
[SourceQuality "1"]

1. e4 g6 2. d4 Bg7 3. Nc3 d6 4. f4 a6 5. Nf3 Nd7 6. Be3 b5 7. Bd3 Bb7 8. a4 b4 9. Ne2 Ngf6 10. Ng3 c5 11. c3 bxc3 12. bxc3 h5 13. e5 Nd5 14. Bd2 cxd4 15. cxd4 dxe5 16. fxe5 Nf8 17. Rb1 Bc6 18. 0-0 Ne6 19. Ne4 Ndf4 20. Bxf4 Nxf4 21. Bc2 0-0 22. Neg5 Bh6 23. Kh1 Bxg5 24. Nxg5 Bxg2+ 25. Kg1 Bxf1 26. Kxf1 e6 27. h4 f6 28. Nf3 fxe5 29. Kg1 Qd5 30. Bb3 Qe4 31. Ng5 Qg2# 0-1

[Event "Sevastopol Waltz Blitz"]
[Site "Sevastopol"]
[Date "2023.06.29"]
[Round "2"]
[White "Khruschiov, Alexey"]
[Black "Bogdanovich, Konstantin"]
[Result "1-0"]
[WhiteElo "2344"]
[BlackElo "1160"]
[PlyCount "65"]
[EventDate "2023.06.29"]
[EventType "swiss (blitz)"]
[EventRounds "13"]
[EventCountry "UKR"]
[SourceTitle "CBM 215 Extra"]
[Source "ChessBase"]
[SourceDate "2023.09.30"]
[SourceVersion "1"]
[SourceVersionDate "2023.09.30"]
[SourceQuality "1"]

1. e4 d5 2. d3 dxe4 3. dxe4 Qxd1+ 4. Kxd1 e5 5. Be3 Nc6 6. Nd2 Be6 7. c3 0-0-0 8. Kc2 f5 9. f3 Nf6 10. Bd3 g6 11. Ne2 Be7 12. Nc1 Rd7 13. b4 a6 14. a4 Rhd8 15. b5 Nb8 16. Re1 f4 17. Bf2 g5 18. h3 h5 19. Rh1 h4 20. Rd1 Nh5 21. Ndb3 Ng3 22. Nc5 Bxc5 23. Bxc5 b6 24. Ba3 a5 25. Bb2 Re7 26. c4 Nd7 27. Nb3 Nh5 28. Rd2 Ng7 29. Rad1 Ne8 30. Ba3 Nd6 31. Bxd6 cxd6 32. Bf1 Bxc4 33. Bxc4 1-0

[Event "Sevastopol Waltz Blitz"]
[Site "Sevastopol"]
[Date "2023.06.29"]
[Round "7"]
[White "Khruschiov, Alexey"]
[Black "Kryakvin, Dmitry"]
[Result "1/2-1/2"]
[WhiteElo "2344"]
[BlackElo "2471"]
[PlyCount "30"]
[EventDate "2023.06.29"]
[EventType "swiss (blitz)"]
[EventRounds "13"]
[EventCountry "UKR"]
[SourceTitle "CBM 215 Extra"]
[Source "ChessBase"]
[SourceDate "2023.09.30"]
[SourceVersion "1"]
[SourceVersionDate "2023.09.30"]
[SourceQuality "1"]

1. e4 e6 2. d4 d5 3. e5 c5 4. c3 Nc6 5. Nf3 Nge7 6. Na3 cxd4 7. cxd4 Nf5 8. Nc2 Nb4 9. Nxb4 Bxb4+ 10. Bd2 Qa5 11. a3 Bxd2+ 12. Qxd2 Qxd2+ 13. Kxd2 Bd7 14. Bd3 Ke7 15. Rac1 Rac8 1/2-1/2

[Event "Sevastopol Waltz Blitz"]
[Site "Sevastopol"]
[Date "2023.06.29"]
[Round "6"]
[White "Khruschiov, Alexey"]
[Black "Smirnov, Pavel"]
[Result "1/2-1/2"]
[WhiteElo "2344"]
[BlackElo "2538"]
[PlyCount "34"]
[EventDate "2023.06.29"]
[EventType "swiss (blitz)"]
[EventRounds "13"]
[EventCountry "UKR"]
[SourceTitle "CBM 215 Extra"]
[Source "ChessBase"]
[SourceDate "2023.09.30"]
[SourceVersion "1"]
[SourceVersionDate "2023.09.30"]
[SourceQuality "1"]

1. e4 e5 2. Nf3 Nc6 3. Bb5 a6 4. Bxc6 dxc6 5. 0-0 Bd6 6. d4 exd4 7. Qxd4 f6 8. Be3 Be6 9. Nbd2 Ne7 10. Qc3 Qd7 11. Nc4 Bxc4 12. Qxc4 Ng6 13. a4 Qf7 14. Qxf7+ Kxf7 15. Nd4 Rhe8 16. f3 Rad8 17. Rfd1 Ne5 1/2-1/2

[Event "Sevastopol Waltz Blitz"]
[Site "Sevastopol"]
[Date "2023.06.29"]
[Round "8"]
[White "Krovkin, Grigoriy"]
[Black "Khruschiov, Alexey"]
[Result "1/2-1/2"]
[WhiteElo "1750"]
[BlackElo "2344"]
[PlyCount "146"]
[EventDate "2023.06.29"]
[EventType "swiss (blitz)"]
[EventRounds "13"]
[EventCountry "UKR"]
[SourceTitle "CBM 215 Extra"]
[Source "ChessBase"]
[SourceDate "2023.09.30"]
[SourceVersion "1"]
[SourceVersionDate "2023.09.30"]
[SourceQuality "1"]

1. e4 d6 2. d4 Nf6 3. Nc3 e5 4. Nf3 Nbd7 5. Be2 c6 6. Be3 Be7 7. h3 0-0 8. Qd2 b5 9. a3 a5 10. 0-0 Rb8 11. Bd3 Qc7 12. Ne2 Re8 13. Ng3 g6 14. Rfd1 Bf8 15. Rac1 exd4 16. Bxd4 c5 17. Bxf6 Nxf6 18. c4 bxc4 19. Bxc4 Nxe4 20. Nxe4 Rxe4 21. Ng5 Re7 22. Re1 Bh6 23. Qd5 Bxg5 24. Qxg5 Rb7 25. Bd5 Ra7 26. Qf6 Be6 27. Bxe6 fxe6 28. Rxe6 Rxe6 29. Qxe6+ Kg7 30. Rd1 Qe7 31. Qxd6 Qxd6 32. Rxd6 Rb7 33. Rc6 Rxb2 34. Rxc5 Rb1+ 35. Kh2 a4 36. Rc4 Rb2 37. f3 h5 38. Rxa4 Ra2 39. Ra8 Kh7 40. h4 Kg7 41. Kh3 Kh7 42. a4 Ra3 43. a5 Kg7 44. a6 Kh7 45. Kg3 Ra2 46. a7 Ra4 47. Kf2 Ra2+ 48. Ke3 Ra3+ 49. Kd4 Kg7 50. g4 hxg4 51. fxg4 Ra1 52. Ke3 Ra3+ 53. Kd2 Ra1 54. Kc2 Ra5 55. Kb2 Ra6 56. h5 gxh5 57. gxh5 Kh7 58. Kc3 Ra1 59. Kb3 Kg7 60. Kc3 Kh7 61. Kd3 Kg7 62. Ke2 Kh7 63. Kf3 Ra4 64. Ke3 Ra3+ 65. Kd4 Ra1 66. Ke4 Kg7 67. Rc8 Rxa7 68. Rc5 Kh7 69. Kf5 Rf7+ 70. Kg5 Rg7+ 71. Kh4 Rg1 72. Rc7+ Kh6 73. Rc6+ Kh7 1/2-1/2

[Event "Sevastopol Waltz Rapid"]
[Site "Sevastopol"]
[Date "2023.06.28"]
[Round "9"]
[White "Khruschiov, Alexey"]
[Black "Ivanov, Maxim1111"]
[Result "1-0"]
[WhiteElo "2344"]
[BlackElo "1704"]
[PlyCount "61"]
[EventDate "2023.06.26"]
[EventType "swiss (rapid)"]
[EventRounds "11"]
[EventCountry "UKR"]
[SourceTitle "CBM 215 Extra"]
[Source "ChessBase"]
[SourceDate "2023.09.30"]
[SourceVersion "1"]
[SourceVersionDate "2023.09.30"]
[SourceQuality "1"]

1. e4 e5 2. Nf3 Nc6 3. c3 Nf6 4. d3 d5 5. Nbd2 Be7 6. Be2 0-0 7. 0-0 h6 8. b4 a6 9. a4 d4 10. cxd4 Nxd4 11. Nxd4 Qxd4 12. Rb1 Bxb4 13. Nc4 c5 14. Be3 Qd8 15. Nxe5 Be6 16. Qc2 Rc8 17. f4 Qc7 18. Rfc1 Ba3 19. Rf1 Rfd8 20. Nc4 Bb4 21. f5 Bxc4 22. Qxc4 Qe5 23. Rf3 Ng4 24. Bf4 Qf6 25. Rg3 Ne5 26. Qc2 Nc6 27. Bh5 Nd4 28. Qa2 b5 29. Rg6 Qh4 30. Rxg7+ Kh8 31. Rh7+ 1-0

[Event "Sevastopol Waltz Rapid"]
[Site "Sevastopol"]
[Date "2023.06.27"]
[Round "6"]
[White "Smirnov, Pavel"]
[Black "Khruschiov, Alexey"]
[Result "1-0"]
[WhiteElo "2538"]
[BlackElo "2344"]
[PlyCount "99"]
[EventDate "2023.06.26"]
[EventType "swiss (rapid)"]
[EventRounds "11"]
[EventCountry "UKR"]
[SourceTitle "CBM 215 Extra"]
[Source "ChessBase"]
[SourceDate "2023.09.30"]
[SourceVersion "1"]
[SourceVersionDate "2023.09.30"]
[SourceQuality "1"]

1. e4 d6 2. d4 Nf6 3. Nc3 e5 4. Nf3 Nbd7 5. Bc4 Be7 6. 0-0 0-0 7. Re1 c6 8. a4 a5 9. h3 exd4 10. Nxd4 Nc5 11. Bf4 Be6 12. Nxe6 fxe6 13. e5 dxe5 14. Bxe5 Nd5 15. Qg4 Bf6 16. Ne4 Nxe4 17. Qxe6+ Kh8 18. Rxe4 Qb6 19. Bd6 Bxb2 20. Bxf8 Bxa1 21. Qf7 Qd8 22. Bd6 h6 23. Qxb7 Nf6 24. Re7 Bd4 25. Qxc6 Rc8 26. Rc7 Rb8 27. Bd3 Rb1+ 28. Bf1 Rb8 29. Bg3 Qf8 30. Qc4 Rd8 31. Rf7 Qa3 32. Qc7 Rg8 33. Rxg7 Bxf2+ 34. Bxf2 Rxg7 35. Qd8+ Ng8 36. Qxa5 Qa1 37. Qb4 Rd7 38. g3 Rd1 39. Qc4 Qe5 40. a5 Nf6 41. a6 Ne4 42. a7 Rxf1+ 43. Qxf1 Qd5 44. Qd3 Qb7 45. Qd4+ Kh7 46. Qb6 Qd5 47. Qc7+ Kg6 48. Qc8 Qd1+ 49. Kg2 Nxf2 50. a8Q 1-0